000 00822cab a2200253 4500
001 ABS55894
008 090401t1996 xxu||||| |||| 00| 0 eng d
035 _a(Sirsi) u19534
041 _aeng
245 _aIHT business and agricultural relief
260 _c1996
350 _a0
490 _aFarm Tax Brief
_v11(8) August/September 1996, 65-66(2)
520 _aConsiders the taxation propsects of farmland with development value under a Labour government. Discusses inheritance tax and Business and Agricultural Property Reliefs.
650 _aAGRICULTURAL PROPERTY RELIEFS
650 _aBUSINESS PROPERTY RELIEFS
650 _aDEVELOPMENT LAND
650 _aINHERITANCE TAX ACT 1984
650 _aINHERITANCE TAX
690 _aRURAL PRACTICE
690 _aTAXATION
942 _n0
948 _c04/03/1997
999 _c13051
_d13051